| 000 | 00756nam a2200217Ia 4500 | ||
|---|---|---|---|
| 001 | a1054-25177 [4180] | ||
| 003 | IT-MiCISF | ||
| 008 | 161014s9999||||xx |||||||||||||| ||und|| | ||
| 040 |
_aIT-MiCISF _cIT-MiCISF |
||
| 041 | _ait | ||
| 100 | _aIchino Francesca | ||
| 245 | 0 |
_aI tuoi diritti. Affido familiare e adozione _bMinori in difficolta. Famiglia di sostegno e famiglia sostitutiva |
|
| 250 | _a1a ed. | ||
| 260 |
_a Milano _bHoepli _c1993 |
||
| 300 | _app. 326 | ||
| 500 | _a / affido, famiglia-affidataria, legislazione, famiglia-d'origine, stato-di-abbandono, adozione, tribunale-minorenni, adozione-internazionale, legge, indirizzi / | ||
| 650 | _aadozione-affido | ||
| 700 | _aZevola Mario | ||
| 942 | _cBK | ||
| 957 | _71 | ||
| 999 |
_a25177 _bsi _g1 _c218221 _d218221 |
||